Challenges in central banking : (Record no. 18658)
[ view plain ]
| 000 -LEADER | |
|---|---|
| fixed length control field | 01162nam a22003018i 4500 |
| 001 - CONTROL NUMBER | |
| control field | 016328571 |
| 003 - CONTROL NUMBER IDENTIFIER | |
| control field | OSt |
| 005 - DATE AND TIME OF LATEST TRANSACTION | |
| control field | 20141120154806.0 |
| 008 - FIXED-LENGTH DATA ELEMENTS--GENERAL INFORMATION | |
| fixed length control field | 130422s2031 xxkad frb f001 0 eng d |
| 020 ## - INTERNATIONAL STANDARD BOOK NUMBER | |
| International Standard Book Number | 9781107616493 (pbk.) |
| 040 ## - CATALOGING SOURCE | |
| Original cataloging agency | StDuBDS |
| Language of cataloging | eng |
| Transcribing agency | StDuBDS |
| Modifying agency | EG-ScBUE |
| 082 00 - DEWEY DECIMAL CLASSIFICATION NUMBER | |
| Classification number | 332.11 |
| Edition number | 22 |
| Item number | CHA |
| 245 00 - TITLE STATEMENT | |
| Title | Challenges in central banking : |
| Remainder of title | the current institutional environment and forces affecting monetary policy / |
| Statement of responsibility, etc | edited by Pierre L. Siklos, Martin T. Bohl, Mark E. Wohar. |
| 260 ## - PUBLICATION, DISTRIBUTION, ETC. (IMPRINT) | |
| Place of publication, distribution, etc | Cambridge, United Kingdom ; |
| -- | New York, United States : |
| Name of publisher, distributor, etc | Cambridge University Press, |
| Date of publication, distribution, etc | 2013. |
| 300 ## - PHYSICAL DESCRIPTION | |
| Extent | xviii, 398 p. : |
| Other physical details | charts, tables ; |
| Dimensions | 23 cm. |
| 500 ## - GENERAL NOTE | |
| General note | Originally published : 2010. |
| 500 ## - GENERAL NOTE | |
| General note | Index : p. 393-398. |
| 500 ## - GENERAL NOTE | |
| General note | Includes appendixes. |
| 504 ## - BIBLIOGRAPHY, ETC. NOTE | |
| Bibliography, etc | Includes bibliographical references. |
| 650 #0 - SUBJECT ADDED ENTRY--TOPICAL TERM | |
| Topical term or geographic name as entry element | Banks and banking, Central |
| 9 (RLIN) | 36638 |
| 650 #0 - SUBJECT ADDED ENTRY--TOPICAL TERM | |
| Topical term or geographic name as entry element | Monetary policy |
| 9 (RLIN) | 5608 |
| 653 ## - INDEX TERM--UNCONTROLLED | |
| Resource For college | BAEPS, Business Administration |
| Arrived date list | November2014 |
| 655 ## - INDEX TERM--GENRE/FORM | |
| Form subdivision | |
| -- | 34232 |
| 700 1# - ADDED ENTRY--PERSONAL NAME | |
| Personal name | Siklos, Pierre L., |
| Dates associated with a name | 1955- |
| Relator term | editor. |
| 9 (RLIN) | 36639 |
| 700 1# - ADDED ENTRY--PERSONAL NAME | |
| Personal name | Bohl, Martin T. |
| Relator term | editor. |
| 9 (RLIN) | 36640 |
| 700 1# - ADDED ENTRY--PERSONAL NAME | |
| Personal name | Wohar, Mark E. |
| Relator term | editor. |
| 9 (RLIN) | 36641 |
| 942 ## - ADDED ENTRY ELEMENTS (KOHA) | |
| Source of classification or shelving scheme | Dewey Decimal Classification |
| Call number prefix | 332.11 CHA |
| Withdrawn status | Item status | Source of classification or shelving scheme | Damaged status | Not for loan | Vendor | Home library | Current library | Shelving location | Date acquired | Source of acquisition | Cost, normal purchase price | Serial Enumeration / chronology | Total Checkouts | Full call number | Barcode | Date last seen | Date last borrowed | Cost, replacement price | Koha item type |
|---|---|---|---|---|---|---|---|---|---|---|---|---|---|---|---|---|---|---|---|
| Dewey Decimal Classification | Baccah | Central Library | Central Library | First floor | 20/11/2014 | 274.00 | 20677 | 2 | 332.11 CHA | 000037040 | 15/07/2025 | 15/04/2018 | 342.50 | Book - Borrowing |